000
00282nam a22001337a 4500
008
210430b ||||| |||| 00| 0 eng d
041
_a
eng
080
_a
902
082
_a
902
100
_a
45
101
_a
ARK
245
_a
Ancient Greece and Rome
_c
Dawe,H.A
942
_2
udc
_c
BK
999
_c
57039
_d
57039